| 000 | 00675nam a22002417a 4500 | ||
|---|---|---|---|
| 003 | UA-OsUOA | ||
| 001 | 67436 | ||
| 007 | ta | ||
| 008 | 20100223b un ||||| |||| 00| 0 ukr d | ||
| 100 | _aАбе К. | ||
| 090 |
_a821.161.1 _bА14 |
||
| 942 | _cBK | ||
| 040 |
_aUA-OsUOA _brus _cUA-OsUOA _dUA-OsUOA |
||
| 245 |
_aЖенщина в песках. Чужое лицо _bРоманы |
||
| 300 | _a350 с. | ||
| 955 | _a3 | ||
| 041 | _arus | ||
| 080 | _a821.161.1 | ||
| 020 | _a5-280-00375-1 | ||
| 260 |
_aМ. _bХудожественная литература _c1988 |
||
| 650 | 7 |
_a82 Література. Літературознавство _2UDC |
|
| 999 |
_c353499 _d353499 |
||